A puerta cerrada /

Encuadernación de una copia fotostática de la obra A puerta cerrada (1945), en la que aparece la conocida máxima sartreana "el infierno son los otros", extraida al parecer de una edición que reúne varias de las creaciones teatrales de Sartre.

Salvato in:
Dettagli Bibliografici
Autore principale: Sartre, Jean-Paul (autor)
Natura: Libro
Lingua:spagnolo
Soggetti:
Tags: Aggiungi Tag
Nessun Tag, puoi essere il primo ad aggiungerne!!

MARC

LEADER 00000nam^a2200000^a^4500
001 000373023
005 20250521000000.0
009 20260310120023.501
037 |a Acervo Xavier Clavigero 
041 |a ESP 
082 |a 842.  |b SAR 
100 |a Sartre, Jean-Paul  |e (autor) 
240 1 1 |a [A puerta cerrada] 
245 1 0 |a A puerta cerrada /  |c J.P. Sartre. 
264 |a lugar de publicación no identificado :  |b editorial no identificada,  |c fecha no identificada 
300 |a p. 80-118 
336 |a texto  |b txt  |2 rdacontenido 
337 |a sin mediación  |b n  |2 rdamedio 
338 |a volumen  |b nc  |2 rdasoporte 
500 |a Traducción de: Huis clos 
520 |a Encuadernación de una copia fotostática de la obra A puerta cerrada (1945), en la que aparece la conocida máxima sartreana "el infierno son los otros", extraida al parecer de una edición que reúne varias de las creaciones teatrales de Sartre. 
545 0 |a Jean-Paul Sartre (1905-1980) fue el líder indiscutible del existencialismo. Sin embargo, su notoriedad no viene sólo de su pensamiento filosófico, sino también de su incursión en la literatura, aunque en ésta, evidentemente, también expresa su visión existencialista. Algunas de sus obras son: La imaginación; La náusea; El muro; Lo imaginario; Las moscas; El ser y la nada; La edad de la razón; Los caminos de la libertad; Las manos sucias; Crítica de la razón dialéctica; El diablo y Dios; Las palabras. Obtuvo el Premio Nobel de Literatura en 1964, pero lo rechazó. 
561 |a Ex libris de Instituto de Literatura Puente Grande, Jal. 
561 |a Ex libris de Bibl. Iunioratus Dom. Prob. S. Ioseph 
586 |a Premio Nobel de Literatura 1964 (rechazado por el autor) 
649 |a XX 
650 |a Teatro Francés 
650 |a Existencialismo Ateo en la Literatura -  |z Francia 
650 |a Filosofía y Literatura -  |z Francia 
650 |a Literatura Francesa -  |y Siglo XX 
650 |a Infierno en la Literatura 
910 |a Fondo General 
920 |a Impresos - Libros 
930 |a Colección General 
940 |a Literatura 
905 |a 101 
901 |a 033766  |b IT1  |c LIT  |u 20250521 
902 |a https://opac.biblio.iteso.mx/vufind/Record/000373023